000 00596nam a2200181Ia 4500
001 24642
005 20260414151057.0
008 260414t2011||||xx |||||||||||||| ||spa||
041 _aESP
082 _a345.721
_bC31
100 _aCarrillo Zamora, Mercedes
_eAUT
245 0 _aLa impugnación internacional de la sentencia arbitral por fraude procesal :
_bestudio particularizado de la controversia limítrofe anglo-venezolana sobre el territorio de la Guayana Esequiba
260 _c2011
300 _a258 páginas :
_c20 cm.
650 _aDER
654 _aCDE
942 _cLIB
_dJUS
_fJUS
_2ddc
_n
999 _c24642
_d24642